000 01408cam a2200229 4500
001 ABS66566
008 030414n2003 000 0 eng u
035 _a(Sirsi) u121964
100 _aWoodhead, C.
245 _aImplementation of the UNESCO 1970 Convention
260 _c2003
490 _aArt Antiquity and Law
_v8(1) March 2003, 89-97(9)
520 _aProvides a brief overview of a seminar on the implementation of the Convention on the Means of Prohibiting and Preventing the Illicit Import, Export and Transfer of Ownership of Cultural Property 1970 held in London in November 2002. Outlines the terms of the Convention, discusses the reasoning behind the Ministerial Advisory Panel on Illicit Trade's recommendation that the UK government sign up to it, looks at its implementation into UK law and considers the UK's commitment to combating the illicit trade in cultural objects. Includes comments from representatives from Japan, Switzerland and United States on the practical implications of the Convention. (See also Abs66189).
590 _aABS
650 _aCONVENTION ON THE MEANS OF PROHIBITING AND PREVENTION OF THE ILLICIT IMPORT, EXPORT AND TRANSFER OF OWNERSHIP OF CULTURAL PROPERTY 1970
650 _aILLICIT TRADE
650 _aSTOLEN WORKS OF ART
650 _aINTERNATIONAL COOPERATION
650 _aCULTURAL PROPERTY
690 _aArts and antiques
_96217
942 _n0
999 _c72487
_d72487